<?xml version="1.0" encoding="UTF-8"?>
<collection xmlns="http://www.loc.gov/MARC21/slim">
 <record>
  <leader>02543nam a2200277 a 4500</leader>
  <controlfield tag="001">TVCDKTCT5231</controlfield>
  <controlfield tag="003">Thư viện trường Cao đẳng Kỹ thuật Cao Thắng</controlfield>
  <controlfield tag="005">20221007131542.000</controlfield>
  <controlfield tag="008">060508</controlfield>
  <datafield tag="980" ind1="\" ind2="\">
   <subfield code="a">Thư viện Trường CĐ Kỹ Thuật Cao Thắng</subfield>
  </datafield>
  <datafield tag="024" ind1=" " ind2=" ">
   <subfield code="a">RG_1 #1 eb0 i1</subfield>
  </datafield>
  <datafield tag="041" ind1="0" ind2="#">
   <subfield code="a">vie</subfield>
  </datafield>
  <datafield tag="082" ind1="#" ind2="#">
   <subfield code="a">536.201 2 / </subfield>
   <subfield code="b">H407T-t</subfield>
  </datafield>
  <datafield tag="100" ind1="1" ind2="#">
   <subfield code="a">Hoàng Đình Tín</subfield>
  </datafield>
  <datafield tag="245" ind1="0" ind2="0">
   <subfield code="a">Truyền nhiệt &amp; tính toán trao đổi nhiệt / </subfield>
   <subfield code="c">Hoàng Đình Tín</subfield>
  </datafield>
  <datafield tag="250" ind1="#" ind2="#">
   <subfield code="a">In lần thứ 1</subfield>
  </datafield>
  <datafield tag="260" ind1="#" ind2="#">
   <subfield code="a">H. : </subfield>
   <subfield code="b">Khoa học và kỹ thuật , </subfield>
   <subfield code="c">2001</subfield>
  </datafield>
  <datafield tag="300" ind1="#" ind2="#">
   <subfield code="a">582tr. ; </subfield>
   <subfield code="c">24cm</subfield>
  </datafield>
  <datafield tag="520" ind1="#" ind2="#">
   <subfield code="a">Môn học nhiệt động lực học kỹ thuật và truyền nhiệt có liên quan chặt chẽ với nhau tạo thành một hệ thống kiến thức cơ bản về thiết bị nhiệt. Nhằm giúp cho sinh viên, kỹ sư và các kỹ thuật viên của nhiều ngành có thể giải quyết những vấn đề về thiết bị nhiệt một cách hiệu quả. Ngòai ra môn học này còn đề cập đến những kiến thức cần thiết về thiết bị nhiệt, đánh giá và cảm nhận những vấn đề có liên quan trong họat động sản xuất.</subfield>
  </datafield>
  <datafield tag="520" ind1="#" ind2="#">
   <subfield code="a">Môn học truyền nhiệt nghiên cứu các quá trình truyền nhiệt năng xảy ra trong thiên nhiên và trong nhiều thiết bị khoa học kỹ thuật. Truyền nhiệt là một quá trình phức tạp thường xảy ra trong nhiều chủng lọai thiết bị của các ngành khác nhau như: thiết bị năng lượng, thiết bị luyện kim, thiết bị hóa chất, thiết bị chế biến thực phẩm... Do nhu cầu phát triển ngày càng cao của khoa học kỹ thuật, nhiều vấn đề mới được đặt ra, trong đó có vấn đề truyền nhiệt. Vì vậy môn học này ngày càng gắn bó chặt chẽ với nhiều ngành kỹ thuật và không thể thiếu được.</subfield>
  </datafield>
  <datafield tag="650" ind1="#" ind2="4">
   <subfield code="a">Kỹ thuật nhiệt</subfield>
  </datafield>
  <datafield tag="653" ind1="#" ind2="#">
   <subfield code="a">Heat Transfer</subfield>
  </datafield>
  <datafield tag="653" ind1="#" ind2="#">
   <subfield code="a">Thermal Engineering Technology</subfield>
  </datafield>
  <datafield tag="721" ind1="#" ind2="#">
   <subfield code="a">06. CNKT Nhiệt lạnh</subfield>
  </datafield>
  <datafield tag="721" ind1="#" ind2="#">
   <subfield code="a">13.Kỹ thuật máy lạnh và điều hòa không khí</subfield>
  </datafield>
  <datafield tag="841" ind1="#" ind2="#">
   <subfield code="b">Kho Sách </subfield>
   <subfield code="j">100008781, 100008782, 100008783, 100008784</subfield>
  </datafield>
 </record>
</collection>
